| 000 | 00601nam a22001697a 4500 | ||
|---|---|---|---|
| 003 | OSt | ||
| 005 | 20251029072302.0 | ||
| 008 | 251029b |||||||| |||| 00| 0 eng d | ||
| 020 | _a978-621-406-333-8 | ||
| 040 |
_aDWCL - Main Lib _cOC |
||
| 082 | _aFil. 001.4 R429 2022 | ||
| 100 | _aAng-Gutierrez, Jaime | ||
| 245 |
_aResearch 101 : _bNotes and style guide in thesis and dissertation writing for the Filipino students / _cJaime Gutierrez-Ang |
||
| 260 |
_aIntramuros, Manila, Philippines : _bMindshapers Co., Inc., _cc2022. |
||
| 300 |
_axii , _b160 pages ; _c25 cm. |
||
| 942 |
_2ddc _cBK - FIL _mFil. _n0 |
||
| 999 |
_c5305 _d5305 |
||